|
|
|
|
| LEADER |
00000cas a2200000 c 4500 |
| 001 |
362723451 |
| 003 |
DE-627 |
| 005 |
20240925115441.0 |
| 007 |
cr ||||||||||| |
| 008 |
030426c20039999xxuz| p|o 0 |0eng c |
| 016 |
7 |
|
|a 024258547
|2 DE-101
|
| 016 |
7 |
|
|a 2099749-8
|2 DE-600
|
| 022 |
|
|
|a 1873-6130
|
| 035 |
|
|
|a (DE-627)362723451
|
| 035 |
|
|
|a (DE-576)259272582
|
| 035 |
|
|
|a (DE-599)ZDB2099749-8
|
| 035 |
|
|
|a (OCoLC)1033798454
|
| 040 |
|
|
|a DE-627
|b ger
|c DE-627
|e rakwb
|
| 041 |
|
|
|a eng
|
| 044 |
|
|
|c XD-US
|
| 082 |
0 |
4 |
|a 570
|a 330
|q DE-600
|
| 210 |
1 |
0 |
|a Econ Hum Biol
|
| 245 |
0 |
0 |
|a Economics and human biology
|
| 264 |
3 |
1 |
|a Amsterdam [u.a.]
|b Elsevier Science
|c 2003-
|
| 300 |
|
|
|a Online-Ressource
|
| 336 |
|
|
|a Text
|b txt
|2 rdacontent
|
| 337 |
|
|
|a Computermedien
|b c
|2 rdamedia
|
| 338 |
|
|
|a Online-Ressource
|b cr
|2 rdacarrier
|
| 362 |
0 |
|
|a 1.2003 -
|
| 363 |
0 |
1 |
|a 1
|i 2003
|
| 500 |
|
|
|a Gesehen am 21.06.2021
|
| 650 |
|
7 |
|8 1.1\x
|a Wirtschaftswissenschaft
|0 (DE-627)091401372
|0 (DE-2867)10032-2
|2 stw
|
| 650 |
|
7 |
|8 1.2\x
|a Biowissenschaften
|0 (DE-627)091352207
|0 (DE-2867)15633-0
|2 stw
|
| 650 |
|
7 |
|8 1.3\x
|a Anthropologie
|0 (DE-627)091347165
|0 (DE-2867)15627-2
|2 stw
|
| 650 |
|
7 |
|8 1.4\x
|a Theorie
|0 (DE-627)091394902
|0 (DE-2867)19073-6
|2 stw
|
| 650 |
|
7 |
|8 1.5\x
|a Welt
|0 (DE-627)09140004X
|0 (DE-2867)16809-5
|2 stw
|
| 655 |
|
7 |
|a Zeitschrift
|0 (DE-588)4067488-5
|0 (DE-627)10454466X
|0 (DE-576)20917000X
|2 gnd-content
|
| 776 |
1 |
|
|x 1570-677X
|
| 856 |
4 |
0 |
|u https://www.sciencedirect.com/journal/economics-and-human-biology
|x Verlag
|7 1
|
| 856 |
4 |
0 |
|u https://ezb.ur.de/?2099749-8
|x Frontdoor-Url
|7 1
|
| 912 |
|
|
|a ZDB-296-DEAL1
|
| 912 |
|
|
|a ZDB-296-DEAL2
|
| 912 |
|
|
|a ZDB-296-DEAL4
|
| 951 |
|
|
|a JT
|
| ELC |
|
|
|a 1
|
| LOK |
|
|
|0 000 xxxxxcy a22 3n 4500
|
| LOK |
|
|
|0 001 2806082404
|
| LOK |
|
|
|0 003 DE-627
|
| LOK |
|
|
|0 004 362723451
|
| LOK |
|
|
|0 005 20240413083703
|
| LOK |
|
|
|0 007 ccruuuuuuuuuuuu
|
| LOK |
|
|
|0 008 140705||||||||||||||||ger|||||||
|
| LOK |
|
|
|0 035
|a (DE-600)294154833
|
| LOK |
|
|
|0 040
|a DE-21
|c DE-627
|d DE-21
|
| LOK |
|
|
|0 092
|o k
|p n
|
| LOK |
|
|
|0 093
|e Volltext online u. Druckausg.
|f Einzellizenz
|g Kostenpflichtig
|
| LOK |
|
|
|0 852
|a DE-21
|
| LOK |
|
|
|0 852 1
|9 00
|
| LOK |
|
|
|0 85640
|u https://ezb.ur.de/detail.phtml?bibid=UBTUE&jour_id=33126
|x EZB
|
| LOK |
|
|
|0 85900
|8 1.1
|a 1
|i 2003
|
| LOK |
|
|
|0 85910
|8 1.2
|a 15
|i 2014
|
| LOK |
|
|
|0 86630
|a 1.2003 - 15.2014
|
| LOK |
|
|
|0 935
|a cofz
|a zezb
|
| LOK |
|
|
|0 938
|l Volltext online u. Druckausg.
|8 0
|
| LOK |
|
|
|0 938
|l Einzellizenz
|8 1
|
| LOK |
|
|
|0 938
|l Kostenpflichtig
|8 2
|
| LOK |
|
|
|0 939
|a 30-10-18
|b zez
|
| LOK |
|
|
|0 000 xxxxxcy a22 3n 4500
|
| LOK |
|
|
|0 001 300764609X
|
| LOK |
|
|
|0 003 DE-627
|
| LOK |
|
|
|0 004 362723451
|
| LOK |
|
|
|0 005 20250913201118
|
| LOK |
|
|
|0 007 ccruuuuuuuuuuuu
|
| LOK |
|
|
|0 008 180501||||||||||||||||ger|||||||
|
| LOK |
|
|
|0 035
|a (DE-600)445417897
|
| LOK |
|
|
|0 040
|a DE-21
|c DE-627
|d DE-21
|
| LOK |
|
|
|0 092
|o k
|p n
|
| LOK |
|
|
|0 093
|e Volltext online u. Druckausg.
|f Konsortiallizenz
|g Kostenpflichtig
|
| LOK |
|
|
|0 852
|z Bestellungen nur von nicht-kommerziellen Bibliotheken
|
| LOK |
|
|
|0 852
|a DE-21
|
| LOK |
|
|
|0 852 1
|9 00
|
| LOK |
|
|
|0 85640
|u https://ezb.ur.de/detail.phtml?bibid=UBTUE&jour_id=33126
|x EZB
|
| LOK |
|
|
|0 85900
|8 1.1
|a 16
|i 2015
|
| LOK |
|
|
|0 85910
|8 1.2
|a 27
|i 2017
|
| LOK |
|
|
|0 866
|x Elsevier Archivkollektion Landeslizenz BaWü
|
| LOK |
|
|
|0 86630
|a 16.2015 - 27.2017
|
| LOK |
|
|
|0 912
|a elsevierarchiv_lbw
|
| LOK |
|
|
|0 935
|a cofz
|a zezb
|
| LOK |
|
|
|0 938
|l Volltext online u. Druckausg.
|8 0
|
| LOK |
|
|
|0 938
|l Konsortiallizenz
|8 1
|
| LOK |
|
|
|0 938
|l Kostenpflichtig
|8 2
|
| LOK |
|
|
|0 939
|a 30-10-18
|b zez
|
| LOK |
|
|
|0 000 xxxxxcy a22 3n 4500
|
| LOK |
|
|
|0 001 4524355480
|
| LOK |
|
|
|0 003 DE-627
|
| LOK |
|
|
|0 004 362723451
|
| LOK |
|
|
|0 005 20241227103332
|
| LOK |
|
|
|0 007 ccruuuuuuuuuuuu
|
| LOK |
|
|
|0 008 240516||||||||||||||||ger|||||||
|
| LOK |
|
|
|0 035
|a (DE-600)1085709388
|
| LOK |
|
|
|0 040
|a DE-21
|c DE-627
|d DE-21
|
| LOK |
|
|
|0 092
|o e
|p n
|
| LOK |
|
|
|0 093
|e Volltext online u. Druckausg.
|f Konsortiallizenz
|g Kostenpflichtig
|
| LOK |
|
|
|0 852
|a DE-21
|
| LOK |
|
|
|0 852 1
|9 00
|
| LOK |
|
|
|0 85640
|u https://ezb.ur.de/detail.phtml?bibid=UBTUE&jour_id=33126
|x EZB
|
| LOK |
|
|
|0 85901
|8 1.1
|a 48
|i 2023
|
| LOK |
|
|
|0 866
|x Elsevier DEAL Core Hybrid
|
| LOK |
|
|
|0 86630
|a 48.2023 -
|
| LOK |
|
|
|0 912
|a deal_elsevier_core
|
| LOK |
|
|
|0 935
|a cofz
|a zezb
|
| LOK |
|
|
|0 938
|l Volltext online u. Druckausg.
|8 0
|
| LOK |
|
|
|0 938
|l Konsortiallizenz
|8 1
|
| LOK |
|
|
|0 938
|l Kostenpflichtig
|8 2
|
| LOK |
|
|
|0 939
|a 26-03-24
|b zez
|
| LOK |
|
|
|0 000 xxxxxcy a22 3n 4500
|
| LOK |
|
|
|0 001 4561274502
|
| LOK |
|
|
|0 003 DE-627
|
| LOK |
|
|
|0 004 362723451
|
| LOK |
|
|
|0 005 20241227091822
|
| LOK |
|
|
|0 007 ccruuuuuuuuuuuu
|
| LOK |
|
|
|0 008 240306||||||||||||||||ger|||||||
|
| LOK |
|
|
|0 035
|a (DE-600)1114799017
|
| LOK |
|
|
|0 040
|a DE-21
|c DE-627
|d DE-21
|
| LOK |
|
|
|0 092
|o e
|p n
|
| LOK |
|
|
|0 093
|e Volltext online u. Druckausg.
|f Konsortiallizenz
|g Kostenpflichtig
|
| LOK |
|
|
|0 852
|a DE-21
|
| LOK |
|
|
|0 852 1
|9 00
|
| LOK |
|
|
|0 85640
|u https://ezb.ur.de/detail.phtml?bibid=UBTUE&jour_id=33126
|x EZB
|
| LOK |
|
|
|0 85900
|8 1.1
|a 1
|i 2003
|
| LOK |
|
|
|0 85910
|8 1.2
|a 47
|i 2022
|
| LOK |
|
|
|0 866
|x Elsevier DEAL Freedom Collection
|
| LOK |
|
|
|0 86630
|a 1.2003 - 47.2022
|
| LOK |
|
|
|0 912
|a deal_elsevier_frc
|
| LOK |
|
|
|0 935
|a cofz
|a zezb
|
| LOK |
|
|
|0 938
|l Volltext online u. Druckausg.
|8 0
|
| LOK |
|
|
|0 938
|l Konsortiallizenz
|8 1
|
| LOK |
|
|
|0 938
|l Kostenpflichtig
|8 2
|
| LOK |
|
|
|0 939
|a 06-03-24
|b zez
|
| ORI |
|
|
|a SA-MARC-krimdokb001.raw
|
| SPR |
|
|
|a 1
|t KRI
|